[Event "Capablanca Memorial Elite 51st"]
[Site "Varadero"]
[Date "2016.06.17"]
[Round "8"]
[White "Ivanchuk, Vassily"]
[Black "Bruzon Batista, Lazaro"]
[Result "1-0"]
[WhiteElo "2710"]
[BlackElo "2681"]
[PlyCount "119"]
[EventDate "2016.06.08"]
[EventType "tourn"]
[EventRounds "10"]
[EventCountry "CUB"]
[EventCategory "18"]
[SourceTitle "CBM 173"]
[Source "ChessBase"]
[SourceDate "2016.07.12"]
[SourceVersion "1"]
[SourceVersionDate "2016.07.12"]
[SourceQuality "1"]

1. d4 d5 2. c4 e6 3. Nc3 Be7 4. cxd5 exd5 5. Bf4 c6 6. e3 Bf5 7. g4 Be6 8. h4
Nd7 9. h5 Nh6 10. Be2 Nb6 11. b3 Bb4 12. Rc1 f6 13. f3 Nf7 14. Bd3 Ng5 15. Kf2
O-O 16. Nge2 Rc8 17. Ng3 Re8 18. Nce2 Nd7 19. Nf5 Nf8 20. Bg3 Bf7 21. Bb1 Ba3
22. Rc3 Bb4 23. Rc2 Be6 24. Qd3 Bxf5 25. Qxf5 Bd6 26. Bh4 Rc7 27. Ng3 Rce7 28.
Re2 Nf7 29. Qd3 Nh6 30. Bc2 a5 31. Qd2 Qc7 32. Rg1 Kh8 33. Qd3 Re6 34. Rh1 c5
35. Kg2 b5 36. dxc5 Qxc5 37. Nf1 d4 38. Bf2 Qc6 39. Qxd4 Bc5 40. Qf4 Bd6 41.
Qd4 Bc5 42. Qf4 Re5 43. Bf5 Bd6 44. Rc2 Qa6 45. Qd4 Nxf5 46. gxf5 Rxf5 47. Bg3
Re6 48. h6 g6 49. e4 Rg5 50. Kf2 Nd7 51. Bxd6 Rxd6 52. Qe3 Ne5 53. Ng3 Kg8 54.
Rd2 Rxd2+ 55. Qxd2 Nf7 56. Rc1 Qe6 57. Qxa5 Nxh6 58. Qd8+ Kg7 59. Rc8 Ng8 60.
Ne2 1-0

[Event "Capablanca Memorial Elite 51st"]
[Site "Varadero"]
[Date "2016.06.18"]
[Round "9"]
[White "Cheparinov, Ivan"]
[Black "Ivanchuk, Vassily"]
[Result "1/2-1/2"]
[WhiteElo "2687"]
[BlackElo "2710"]
[PlyCount "114"]
[EventDate "2016.06.08"]
[EventType "tourn"]
[EventRounds "10"]
[EventCountry "CUB"]
[EventCategory "18"]
[SourceTitle "CBM 173"]
[Source "ChessBase"]
[SourceDate "2016.07.12"]
[SourceVersion "1"]
[SourceVersionDate "2016.07.12"]
[SourceQuality "1"]

1. d4 Nf6 2. c4 g6 3. Nf3 Bg7 4. g3 c6 5. Bg2 d5 6. b3 b6 7. O-O Bb7 8. Bb2 O-O
9. Nbd2 Nbd7 10. Qc2 e6 11. e4 Nxe4 12. Nxe4 dxe4 13. Qxe4 Qc7 14. Qe2 Rad8 15.
Rad1 c5 16. dxc5 Nxc5 17. Bxg7 Kxg7 18. Qb2+ f6 19. b4 Ne4 20. Nd4 Qxc4 21.
Rfe1 e5 22. Bxe4 Bc8 23. Qa3 Rxd4 24. Rxd4 Qxd4 25. Qxa7+ Rf7 26. Qa3 Be6 27.
b5 f5 28. Bc6 f4 29. gxf4 Rxf4 30. Qe3 Kf6 31. a3 h5 32. f3 g5 33. Qxd4 Rxd4
34. Kf2 Bf5 35. Re2 Ke6 36. Ra2 Rc4 37. Rd2 Rc2 38. Rxc2 Bxc2 39. Kg3 Bd1 40.
Be4 g4 41. fxg4 Bxg4 42. h4 Kd6 43. Kf2 Kc5 44. Bc6 Kd4 45. a4 e4 46. a5 bxa5
47. b6 Bc8 48. b7 Bxb7 49. Bxb7 a4 50. Bc8 Kd3 51. Ke1 Ke3 52. Be6 a3 53. Ba2
Kf3 54. Bd5 Kg3 55. Ke2 Kxh4 56. Ke3 Kg3 57. Kxe4 h4 1/2-1/2

[Event "CRO-chT1A 25th"]
[Site "Sibenik"]
[Date "2016.10.12"]
[Round "5.2"]
[White "Ivanchuk, Vassily"]
[Black "Repka, Christopher"]
[Result "1-0"]
[WhiteElo "2722"]
[BlackElo "2473"]
[PlyCount "63"]
[EventDate "2016.10.08"]
[EventType "team-tourn"]
[EventRounds "9"]
[EventCountry "CRO"]
[SourceTitle "EXT 2017"]
[Source "ChessBase"]
[SourceDate "2016.10.25"]
[SourceVersion "1"]
[SourceVersionDate "2016.10.25"]
[SourceQuality "1"]
[WhiteTeam "Zagreb Zagreb"]
[BlackTeam "Zagreb Mladost"]
[WhiteTeamCountry "CRO"]
[BlackTeamCountry "CRO"]

1. d4 Nf6 2. c4 e6 3. Nc3 Bb4 4. e3 O-O 5. Bd3 d5 6. cxd5 exd5 7. Nge2 Re8 8.
O-O Nbd7 9. f3 c5 10. a3 Ba5 11. dxc5 Bxc3 12. Nxc3 Nxc5 13. Bc2 b6 14. Rf2 Ba6
15. b4 Ne6 16. Rd2 Qe7 17. Ba4 Red8 18. Ne2 Bc4 19. Ng3 Nc7 20. Qe1 a5 21. Bb2
axb4 22. Nf5 Qe6 23. Nd4 Qd6 24. Nf5 Qe6 25. Nd4 Qd6 26. axb4 b5 27. Nf5 Qe6
28. Bc2 Rxa1 29. Bxa1 Ra8 30. Bb2 Nce8 31. Qh4 Nd6 32. Nxd6 1-0

[Event "Wch Blitz"]
[Site "Doha"]
[Date "2016.12.29"]
[Round "1"]
[White "Adhiban, Baskaran"]
[Black "Ivanchuk, Vassily"]
[Result "1-0"]
[WhiteElo "2666"]
[BlackElo "2747"]
[PlyCount "101"]
[EventDate "2016.12.29"]
[EventType "swiss (blitz)"]
[EventRounds "21"]
[EventCountry "QAT"]
[SourceTitle "CBM 176 Extra"]
[Source "ChessBase"]
[SourceDate "2017.03.02"]
[SourceVersion "1"]
[SourceVersionDate "2017.03.02"]
[SourceQuality "1"]

1. d4 d5 2. c4 dxc4 3. e3 Nf6 4. Bxc4 e6 5. Nf3 c5 6. O-O Nc6 7. Nc3 a6 8. dxc5
Bxc5 9. Qxd8+ Kxd8 10. b3 b5 11. Be2 Bb7 12. Bb2 Ke7 13. Rac1 Bd6 14. Rfd1 Rhd8
15. Ng5 Ne5 16. Rxd6 Rxd6 17. Ba3 Ne8 18. Nce4 Rad8 19. f4 Nc6 20. Nxd6 Nxd6
21. Bf3 b4 22. Bb2 Na5 23. Bxg7 Bxf3 24. Nxf3 Ne4 25. Bd4 Rd6 26. Ne5 f6 27.
Nd3 Nc6 28. Nc5 Nxd4 29. exd4 Rxd4 30. Nxe4 Rxe4 31. Rc7+ Kd6 32. Rxh7 Re1+ 33.
Kf2 Ra1 34. g4 Rxa2+ 35. Ke3 Rb2 36. g5 Rxb3+ 37. Kd4 fxg5 38. fxg5 Rb1 39. h4
b3 40. Kc3 a5 41. g6 b2 42. g7 Rg1 43. Kxb2 e5 44. h5 e4 45. Kc3 a4 46. h6 a3
47. Kb3 e3 48. Rh8 e2 49. Re8 Rg3+ 50. Ka2 Rg2 51. Kxa3 1-0

[Event "Wch Blitz"]
[Site "Doha"]
[Date "2016.12.29"]
[Round "5"]
[White "Wojtaszek, Radoslaw"]
[Black "Ivanchuk, Vassily"]
[Result "1/2-1/2"]
[WhiteElo "2749"]
[BlackElo "2747"]
[PlyCount "72"]
[EventDate "2016.12.29"]
[EventType "swiss (blitz)"]
[EventRounds "21"]
[EventCountry "QAT"]
[SourceTitle "CBM 176 Extra"]
[Source "ChessBase"]
[SourceDate "2017.03.02"]
[SourceVersion "1"]
[SourceVersionDate "2017.03.02"]
[SourceQuality "1"]

1. d4 e6 2. c4 f5 3. g3 Nf6 4. Bg2 Bb4+ 5. Nd2 a5 6. Ngf3 O-O 7. O-O b6 8. Ne5
Ra7 9. Nd3 Be7 10. e4 fxe4 11. Nxe4 Bb7 12. Nxf6+ Bxf6 13. d5 Na6 14. Be3 Nb4
15. Nxb4 axb4 16. Qb3 Qa8 17. Rfd1 d6 18. Qxb4 Rxa2 19. Rxa2 Qxa2 20. dxe6 Bxg2
21. Kxg2 Qa8+ 22. Kg1 Qe4 23. b3 Qxe6 24. Qd2 Re8 25. Qd5 Kf8 26. Qxe6 Rxe6 27.
Kg2 Re8 28. Kf3 Kf7 29. Rd2 Ra8 30. Ke4 Ke6 31. f4 g6 32. g4 Kd7 33. h3 Re8+
34. Kf3 Ra8 35. Ke4 Re8+ 36. Kf3 Ra8 1/2-1/2

[Event "Wch Blitz"]
[Site "Doha"]
[Date "2016.12.30"]
[Round "19"]
[White "Ivanchuk, Vassily"]
[Black "Jobava, Baadur"]
[Result "1/2-1/2"]
[WhiteElo "2747"]
[BlackElo "2702"]
[PlyCount "149"]
[EventDate "2016.12.29"]
[EventType "swiss (blitz)"]
[EventRounds "21"]
[EventCountry "QAT"]
[SourceTitle "CBM 176 Extra"]
[Source "ChessBase"]
[SourceDate "2017.03.02"]
[SourceVersion "1"]
[SourceVersionDate "2017.03.02"]
[SourceQuality "1"]

1. d4 Nf6 2. c4 e6 3. Nc3 Bb4 4. e3 b6 5. Nge2 Bb7 6. a3 Be7 7. d5 O-O 8. Nf4
a5 9. Be2 Na6 10. Rb1 Nc5 11. b3 e5 12. Nd3 d6 13. Nxc5 bxc5 14. e4 Ne8 15. Bg4
Bg5 16. O-O Bxc1 17. Qxc1 Bc8 18. Bxc8 Qxc8 19. Qe3 Nf6 20. g3 Nd7 21. f3 Rb8
22. Kg2 Re8 23. h4 Nf8 24. h5 h6 25. g4 Nh7 26. Ne2 Qd8 27. Ng3 Qg5 28. Qc3 Ra8
29. Rf2 Nf6 30. Rbb2 Reb8 31. Rf1 Qf4 32. Qc1 Qxc1 33. Rxc1 a4 34. Rcb1 Nd7 35.
Nf5 Kf8 36. b4 cxb4 37. Rxb4 Rxb4 38. Rxb4 Nc5 39. Ne3 Ke7 40. Nd1 g6 41. hxg6
fxg6 42. Nc3 Kd7 43. Rb1 Nd3 44. Kg3 h5 45. g5 Nc5 46. Rb4 Kc8 47. Kg2 Rb8 48.
Rxb8+ Kxb8 49. Kg3 Kc8 50. Kh4 Kb7 51. Kg3 Kb6 52. Kh4 Ka5 53. Nb5 Kb6 54. Nc3
c6 55. dxc6 Kxc6 56. Kg3 Ne6 57. Kh4 Nd4 58. Kg3 Ne6 59. Kh4 Nd4 60. Kg3 Nc2
61. Nxa4 Nxa3 62. Nc3 Nxc4 63. Nd5 Kd7 64. Kf2 Nb2 65. Ke2 Na4 66. f4 Nc5 67.
f5 Nxe4 68. fxg6 Ke8 69. Ke3 Nxg5 70. Nf6+ Kf8 71. Nxh5 Ke7 72. Ng7 d5 73. Nf5+
Kf6 74. g7 Kf7 75. g8=Q+ 1/2-1/2

[Event "Prague Cez Trophy m"]
[Site "Prague"]
[Date "2017.06.16"]
[Round "5"]
[White "Navara, David"]
[Black "Ivanchuk, Vassily"]
[Result "1/2-1/2"]
[WhiteElo "2737"]
[BlackElo "2738"]
[PlyCount "120"]
[EventDate "2017.06.15"]
[EventType "match (rapid)"]
[EventRounds "12"]
[EventCountry "CZE"]
[SourceTitle "CBM 179"]
[Source "ChessBase"]
[SourceDate "2017.07.12"]
[SourceVersion "1"]
[SourceVersionDate "2017.07.12"]
[SourceQuality "1"]

1. Nf3 Nf6 2. c4 c6 3. Nc3 d5 4. e3 g6 5. d4 Bg7 6. Be2 O-O 7. O-O a6 8. h3 b5
9. b3 Bb7 10. Bb2 Nbd7 11. Rc1 Rc8 12. Qd3 dxc4 13. bxc4 b4 14. Na4 c5 15. a3
a5 16. axb4 axb4 17. dxc5 Ra8 18. Qb3 Bc6 19. Nb6 Nxb6 20. cxb6 Qxb6 21. Bd4
Qb7 22. Rb1 Rfb8 23. Be5 Ne4 24. Bxb8 Nc3 25. Qxb4 Nxe2+ 26. Kh1 Rxb8 27. Qxb7
Rxb7 28. Rxb7 Bxb7 29. Rb1 Bxf3 30. Rb8+ Bf8 31. gxf3 Nc3 32. c5 Nd5 33. e4 Nc7
34. Rb7 Ne6 35. c6 Bh6 36. c7 Nxc7 37. Rxc7 e6 38. Kg2 Bf4 39. Rd7 h5 40. Kf1
h4 41. Ke2 Kf8 42. Kd3 g5 43. Kd4 Bh2 44. e5 Bf4 45. Ke4 Ke8 46. Rd1 Ke7 47.
Rg1 Kd7 48. Rg4 Kc6 49. Rg1 Kd7 50. Rg4 Kc6 51. Rxh4 gxh4 52. Kxf4 Kd5 53. Kg4
Kxe5 54. Kg5 f5 55. Kxh4 Kf4 56. Kh5 Kxf3 57. Kg5 Kxf2 58. Kf4 e5+ 59. Kxf5 Kg3
60. Kxe5 Kxh3 1/2-1/2

[Event "Prague Cez Trophy m"]
[Site "Prague"]
[Date "2017.06.17"]
[Round "9"]
[White "Navara, David"]
[Black "Ivanchuk, Vassily"]
[Result "0-1"]
[WhiteElo "2737"]
[BlackElo "2738"]
[PlyCount "62"]
[EventDate "2017.06.15"]
[EventType "match (rapid)"]
[EventRounds "12"]
[EventCountry "CZE"]
[SourceTitle "CBM 179"]
[Source "ChessBase"]
[SourceDate "2017.07.12"]
[SourceVersion "1"]
[SourceVersionDate "2017.07.12"]
[SourceQuality "1"]

1. d4 Nf6 2. c4 e6 3. Nf3 b6 4. g3 Ba6 5. b3 Bb4+ 6. Bd2 Be7 7. Nc3 O-O 8. Bg2
c6 9. e4 d5 10. exd5 cxd5 11. Ne5 Bb7 12. O-O Nc6 13. Bf4 Rc8 14. Rc1 Na5 15.
cxd5 Bb4 16. dxe6 Bxg2 17. Nxf7 Qe7 18. Kxg2 Rxc3 19. Rxc3 Bxc3 20. Bd6 Qb7+
21. f3 Re8 22. Qd3 Qd5 23. Qxc3 Qxe6 24. Nh6+ gxh6 25. Be5 Nd5 26. Qd2 Nc6 27.
Re1 h5 28. Qc1 Rc8 29. Bc7 Qg6 30. Qc4 Ncb4 31. Re7 Kf8 0-1

[Event "Leuven GCT rapid"]
[Site "Leuven"]
[Date "2017.06.28"]
[Round "3"]
[White "Jobava, Baadur"]
[Black "Ivanchuk, Vassily"]
[Result "0-1"]
[WhiteElo "2703"]
[BlackElo "2757"]
[PlyCount "65"]
[EventDate "2017.06.28"]
[EventType "tourn (rapid)"]
[EventRounds "9"]
[EventCountry "BEL"]
[EventCategory "22"]
[SourceTitle "CBM 179"]
[Source "ChessBase"]
[SourceDate "2017.07.12"]
[SourceVersion "1"]
[SourceVersionDate "2017.07.12"]
[SourceQuality "1"]

1. e4 e6 2. d4 d5 3. Nc3 Bb4 4. Nge2 dxe4 5. a3 Be7 6. Nxe4 Nf6 7. Nxf6+ Bxf6
8. Be3 O-O 9. Qd2 b6 10. O-O-O Bb7 11. h4 Nd7 12. Nf4 Be7 13. h5 Nf6 14. f3 Qc8
15. Qf2 Rd8 16. Rh3 c5 17. Rg3 Qb8 18. Bd3 cxd4 19. Bd2 Bd6 20. Rxg7+ Kxg7 21.
Qh4 h6 22. Re1 Re8 23. Nxe6+ fxe6 24. Bxh6+ Kf7 25. Kb1 Rg8 26. Bg6+ Ke7 27.
Bg5 Qf8 28. Qxd4 Rd8 29. f4 Bc5 30. Qa4 Rd4 31. Qb3 Bd5 32. Qc3 Kd7 33. b4 0-1

[Event "Danzhou 08th"]
[Site "Danzhou"]
[Date "2017.07.11"]
[Round "3"]
[White "Naiditsch, Arkadij"]
[Black "Ivanchuk, Vassily"]
[Result "1/2-1/2"]
[WhiteElo "2712"]
[BlackElo "2729"]
[PlyCount "92"]
[EventDate "2017.07.09"]
[EventType "tourn"]
[EventRounds "9"]
[EventCountry "CHN"]
[EventCategory "19"]
[SourceTitle "CBM 180"]
[Source "ChessBase"]
[SourceDate "2017.09.13"]
[SourceVersion "1"]
[SourceVersionDate "2017.09.13"]
[SourceQuality "1"]

1. e4 c5 2. Nf3 e6 3. d4 cxd4 4. Nxd4 a6 5. c4 Nf6 6. Nc3 Qc7 7. Be2 Bb4 8. O-O
O-O 9. Qd3 d6 10. Bd2 Nbd7 11. Nb3 Ne5 12. Qd4 Nc6 13. Qe3 Bd7 14. Rac1 Rac8
15. a3 Na5 16. Na1 Bc5 17. Qg3 Bd4 18. Nc2 Be5 19. f4 Bxc3 20. Bxc3 e5 21. Bd3
Qb6+ 22. Kh1 Nxc4 23. fxe5 dxe5 24. Bxc4 Rxc4 25. Qxe5 Ba4 26. Nb4 Qe6 27. Qg3
Qg4 28. Bxf6 Rxc1 29. Rxc1 Qxg3 30. hxg3 gxf6 31. Rc7 Rb8 32. Kg1 Kg7 33. Kf2
a5 34. Nd5 Bc6 35. g4 Rd8 36. Ke3 Bxd5 37. exd5 Rxd5 38. Rxb7 Rg5 39. Kf4 h5
40. gxh5 Rxg2 41. Rb5 a4 42. Rb4 Kh6 43. Kf3 Rh2 44. Rxa4 Rxb2 45. Ra5 f5 46.
Rxf5 Rb3+ 1/2-1/2

[Event "Medias King blitz 11th"]
[Site "Medias"]
[Date "2017.11.28"]
[Round "5"]
[White "Ivanchuk, Vassily"]
[Black "Deac, Bogdan Daniel"]
[Result "1/2-1/2"]
[WhiteElo "2729"]
[BlackElo "2566"]
[PlyCount "80"]
[EventDate "2017.11.28"]
[EventType "tourn (blitz)"]
[EventRounds "12"]
[EventCountry "ROU"]
[EventCategory "18"]
[SourceTitle "CBM 181 Extra"]
[Source "ChessBase"]
[SourceDate "2017.12.12"]
[SourceVersion "1"]
[SourceVersionDate "2017.12.12"]
[SourceQuality "1"]

1. d4 Nf6 2. c4 e6 3. Nc3 Bb4 4. f3 c5 5. a3 cxd4 6. axb4 dxc3 7. e4 Qc7 8.
bxc3 O-O 9. Bg5 d5 10. Bxf6 gxf6 11. exd5 exd5 12. c5 b6 13. Ne2 bxc5 14. Qxd5
Bb7 15. Qxc5 Qxc5 16. bxc5 Nd7 17. c6 Bxc6 18. Nd4 Bb7 19. Ba6 Bxa6 20. Rxa6
Rfb8 21. O-O Rb6 22. Ra5 a6 23. Rfa1 h6 24. Rh5 Rc8 25. Ra3 Kh7 26. Nf5 Kg6 27.
g4 Rh8 28. Ne7+ Kg7 29. Rha5 Ne5 30. Nf5+ Kg6 31. Rxa6 Rxa6 32. Rxa6 Nxf3+ 33.
Kg2 Ne5 34. Kg3 h5 35. h3 hxg4 36. hxg4 Rh1 37. Ne3 Rg1+ 38. Kf4 Nd3+ 39. Kf3
Ne5+ 40. Kf4 Nd3+ 1/2-1/2

[Event "Medias King blitz 11th"]
[Site "Medias"]
[Date "2017.11.28"]
[Round "9"]
[White "Deac, Bogdan Daniel"]
[Black "Ivanchuk, Vassily"]
[Result "0-1"]
[WhiteElo "2566"]
[BlackElo "2729"]
[PlyCount "90"]
[EventDate "2017.11.28"]
[EventType "tourn (blitz)"]
[EventRounds "12"]
[EventCountry "ROU"]
[EventCategory "18"]
[SourceTitle "CBM 181 Extra"]
[Source "ChessBase"]
[SourceDate "2017.12.12"]
[SourceVersion "1"]
[SourceVersionDate "2017.12.12"]
[SourceQuality "1"]

1. e4 c5 2. Nf3 d6 3. Bb5+ Nd7 4. a4 Ngf6 5. Nc3 e6 6. a5 a6 7. Bxd7+ Bxd7 8.
e5 Nd5 9. Nxd5 exd5 10. O-O dxe5 11. Nxe5 Be6 12. c4 Be7 13. Qa4+ Kf8 14. d3 f6
15. Nf3 Kf7 16. Re1 Re8 17. Bf4 Bf8 18. h3 Re7 19. Re3 Qd7 20. Qb3 Rae8 21. Qc2
Bf5 22. Qb3 g5 23. Rxe7+ Rxe7 24. Bh2 dxc4 25. dxc4 Re2 26. Bg3 h5 27. Rd1 Qc6
28. Rd8 h4 29. Bb8 Be7 30. Rd2 Re4 31. Kh1 Be6 32. Qc2 Bxc4 33. Rd1 Bd5 34. Qd3
Be6 35. Nd2 Rd4 36. Qh7+ Kf8 37. Qh8+ Bg8 38. Qh6+ Ke8 39. Qh8 Qd5 40. Qg7 Qf7
41. Qh8 Qh7 42. Qxh7 Bxh7 43. Ba7 Kd7 44. b4 Bc2 45. Re1 Rxd2 0-1

[Event "Huaian IMSA blitz 2nd"]
[Site "Huaian"]
[Date "2017.12.12"]
[Round "6.3"]
[White "Harikrishna, Pentala"]
[Black "Ivanchuk, Vassily"]
[Result "1-0"]
[WhiteElo "2744"]
[BlackElo "2726"]
[PlyCount "97"]
[EventDate "2017.12.12"]
[EventType "tourn (blitz)"]
[EventRounds "22"]
[EventCountry "CHN"]
[EventCategory "20"]
[SourceTitle "CBM 182"]
[Source "ChessBase"]
[SourceDate "2018.01.17"]
[SourceVersion "1"]
[SourceVersionDate "2018.01.17"]
[SourceQuality "1"]

1. e4 d5 2. exd5 Qxd5 3. Nc3 Qa5 4. d4 Nf6 5. Bc4 Bg4 6. Nge2 Nc6 7. O-O O-O-O
8. Be3 e5 9. d5 Nb4 10. Bg5 c6 11. a3 Nbxd5 12. Nxd5 cxd5 13. Bb3 h6 14. Bxf6
gxf6 15. Qe1 Qxe1 16. Rfxe1 Bc5 17. Rad1 Be6 18. Ng3 h5 19. Kf1 h4 20. Ne2 Kc7
21. f4 Kc6 22. Rd3 Bf5 23. Rdd1 Be6 24. Rd3 a6 25. Nc3 e4 26. Rd2 f5 27. Ne2
Be3 28. Nd4+ Bxd4 29. Rxd4 Rhg8 30. Red1 Rg4 31. c4 Rxf4+ 32. Ke2 Kd6 33. h3
Rg8 34. Ke3 Rg3+ 35. Kxf4 Rxb3 36. cxd5 Bd7 37. Rb4 Rg3 38. Rxb7 Rxg2 39. Rb6+
Kc5 40. Rxa6 Rf2+ 41. Ke5 e3 42. Rc1+ Kb5 43. Ra7 e2 44. Re1 f4 45. Rxd7 f3 46.
Rxf7 Rf1 47. Rxf3 Rxe1 48. Re3 Kc5 49. d6 1-0

[Event "Wch Blitz"]
[Site "Riadh"]
[Date "2017.12.29"]
[Round "2"]
[White "Ivanchuk, Vassily"]
[Black "Kuzubov, Yuriy"]
[Result "1-0"]
[WhiteElo "2726"]
[BlackElo "2699"]
[PlyCount "173"]
[EventDate "2017.12.29"]
[EventType "swiss (blitz)"]
[EventRounds "21"]
[EventCountry "SAU"]
[SourceTitle "CBM 182 Extra"]
[Source "ChessBase"]
[SourceDate "2018.02.23"]
[SourceVersion "1"]
[SourceVersionDate "2018.02.23"]
[SourceQuality "1"]

1. e4 c5 2. Nf3 Nc6 3. d4 cxd4 4. Nxd4 Nf6 5. Nc3 e5 6. Nb3 Bb4 7. Bc4 O-O 8.
Qd3 h6 9. O-O Ne7 10. Rd1 d6 11. Nb5 d5 12. Bxd5 Nexd5 13. exd5 Bg4 14. f3 e4
15. Qd4 exf3 16. gxf3 Bxf3 17. Rd3 Be2 18. Qxb4 Bxd3 19. cxd3 Qxd5 20. Qc4 Qf3
21. Bd2 a6 22. N5d4 Qg4+ 23. Kh1 Rac8 24. Rg1 Qd7 25. Qb4 Qd5+ 26. Rg2 Rfe8 27.
Kg1 Rcd8 28. Bxh6 Nh5 29. Qd2 g6 30. Re2 Rxe2 31. Qxe2 a5 32. a4 Qd7 33. Bd2
Re8 34. Qf3 Qxa4 35. Qxb7 Qa2 36. Bc3 Qb1+ 37. Kf2 Qxd3 38. Qf3 Qc4 39. Nd2 Qc5
40. Ne4 Qa7 41. Nd6 Rd8 42. N6b5 Qc5 43. Qc6 Qxc6 44. Nxc6 Rd7 45. Nxa5 Nf4 46.
Nc4 g5 47. Ne3 Rb7 48. Nd6 Rb6 49. Ndc4 Rb5 50. Kf3 Ne6 51. b4 f5 52. Nd6 g4+
53. Kf2 Rb6 54. Nexf5 Nf4 55. b5 Kf8 56. Bg7+ Kg8 57. Bd4 Rb8 58. b6 Ne6 59.
Be3 Nd8 60. Kg3 Ra8 61. Kxg4 Ra2 62. h4 Rb2 63. h5 Ne6 64. h6 Rb4+ 65. Kf3 Kh7
66. Ke2 Nf8 67. Kd3 Nd7 68. Nc4 Rb5 69. Nfd6 Rb3+ 70. Ke4 Rxe3+ 71. Nxe3 Nxb6
72. Ndf5 Nd7 73. Ng4 Nf8 74. Ke5 Ng6+ 75. Kf6 Nf8 76. Kf7 Ng6 77. Nf6+ Kh8 78.
Nd4 Ne5+ 79. Ke7 Ng6+ 80. Kd6 Nh4 81. Ng4 Kh7 82. Ke6 Kg6 83. Nc6 Ng2 84. Nce5+
Kh7 85. Kf5 Ne3+ 86. Kg5 Nc2 87. Nf6+ 1-0

[Event "Wch Blitz"]
[Site "Riadh"]
[Date "2017.12.30"]
[Round "14"]
[White "Ivanchuk, Vassily"]
[Black "Ni, Hua"]
[Result "1-0"]
[WhiteElo "2726"]
[BlackElo "2671"]
[PlyCount "123"]
[EventDate "2017.12.29"]
[EventType "swiss (blitz)"]
[EventRounds "21"]
[EventCountry "SAU"]
[SourceTitle "CBM 182 Extra"]
[Source "ChessBase"]
[SourceDate "2018.02.23"]
[SourceVersion "1"]
[SourceVersionDate "2018.02.23"]
[SourceQuality "1"]

1. d4 Nf6 2. c4 e6 3. Nc3 Bb4 4. e3 O-O 5. Bd3 d5 6. cxd5 exd5 7. Nge2 c5 8. a3
cxd4 9. axb4 dxc3 10. Nxc3 Nc6 11. b5 Ne5 12. Be2 a5 13. bxa6 bxa6 14. O-O Bb7
15. b3 Nc6 16. Na4 Ne4 17. Ba3 Re8 18. Nc5 Nxc5 19. Bxc5 a5 20. Qd2 Qg5 21. f4
Qf5 22. Bf3 Rad8 23. Bb6 Rd6 24. Bxa5 d4 25. e4 Qb5 26. e5 Rg6 27. Be4 Nxa5 28.
Rxa5 Qxa5 29. Qxa5 Bxe4 30. g3 Rc6 31. Re1 Bf5 32. Qa4 Rec8 33. Qxd4 Rc2 34.
Rd1 h5 35. Rd2 R2c3 36. b4 Rb3 37. Qb6 Rc1+ 38. Kf2 Rbb1 39. Qd8+ Kh7 40. Qg5
g6 41. Qf6 Rf1+ 42. Ke3 Rfe1+ 43. Re2 Rxe2+ 44. Kxe2 Be6 45. f5 gxf5 46. Qh4
Rb2+ 47. Ke3 Rb3+ 48. Kd2 Kg6 49. Qd4 Rb1 50. Kc2 Rh1 51. h4 Rh2+ 52. Kc3 Rg2
53. Qf4 Rg1 54. Qg5+ Kh7 55. Qxh5+ Kg8 56. Qg5+ Kh7 57. h5 Rh1 58. b5 Rh3 59.
Kb4 Rh1 60. Kc5 Rc1+ 61. Kd6 Rd1+ 62. Ke7 1-0